000 00316nab a22001097u 4500
008 130520b1985 xxu||||| |||| 00| 0 spa d
041 _aspa
100 1 _aWarren, M.
_967357
245 0 0 _aLos jóvenes ante la amenaza nuclear
_cM. Warren
773 0 _tConcilium
_gV.2,1985,págs.237-250
_x0210-1041
_wRev134
942 _cAR
999 _c355175
_d355175